000 00592nam a2200205Ii 4500
001 3510
003 CO-ViMGA
008 241108s9999||||xx |||||||||||||| ||und||
040 _aCO-ViMGA
_bspa
_erda
_cCO-ViMGA
041 0 _aspa
082 0 4 _a330 O15
100 1 _aJosé Antonio Ocampo
_948859
245 1 0 _aLa política económica en la encrucijada
264 1 _aBogotá, Colombia : Presencia, 1984
300 _avolumen
336 _atext
_btxt
_2rdacontent
337 _aunmediated
_bn
_2rdamedia
338 _avolume
_bnc
_2rdacarrier
940 _aidficha_siabuc: 3424. -- ficha_no_siabuc:3510
999 _c43501
_d43501